Reminiscences of the preedom movement / (Record no. 40168)

MARC details
000 -LEADER
fixed length control field 00665nam a22001937a 4500
005 - DATE AND TIME OF LATEST TRANSACTION
control field 20100807155145.0
010 ## - LCCN (DPL NO)
LC control number ENG-98872
020 ## - INTERNATIONAL STANDARD BOOK NUMBER
International Standard Book Number 9788190957182
Terms of availability 100.000
035 ## - SYSTEM CONTROL NUMBER
System control number EN-82404
037 ## - SOURCE OF ACQUISITION
Source of stock number/acquisition DBAD/PUB
082 ## - DEWEY DECIMAL CLASSIFICATION NUMBER
Classification number 954.0841
100 ## - MAIN ENTRY--PERSONAL NAME
Personal name Prabha, G
245 ## - TITLE STATEMENT
Title Reminiscences of the preedom movement /
Statement of responsibility, etc by Prabha G
260 ## - PUBLICATION, DISTRIBUTION, ETC. (IMPRINT)
Place of publication, distribution, etc Chennai
Name of publisher, distributor, etc Narayana Publication
Date of publication, distribution, etc 2009
270 ## - ADDRESS
Address 192, Bells Road Chepauk
City Chennai
Postal code 5
300 ## - PHYSICAL DESCRIPTION
Extent 101p
Dimensions 19cm
942 ## - ADDED ENTRY ELEMENTS (KOHA)
Source of classification or shelving scheme Dewey Decimal Classification
Item type English Books
Classification part 954.0841
Call number suffix PRA
Holdings
Withdrawn status Lost status Not for loan Collection code Home library Current library Date acquired Source of acquisition Cost, normal purchase price Full call number Barcode Copy number Cost, replacement price Koha item type
    Not For Loan Non-fiction D.B.Act.Division D.B.Act.Division 07/08/2010 DBAD/PUB 100.00 954.0841 PRA EN-82404 1 100.00 English Books

© Delhi Public Library
Hit Counter
free hit counter